Top 10 Most Popular NCS Songs On Letter ,,J'' - Statistics

General Stats
  • This quiz has been taken 6 times
  • The average score is 6 of 10
Answer Stats
Creator Song Views % Correct
Alex Skrindo Jumbo 24M
100%
Jensation Joystick 5,5M
75%
Rogers, Dean Jungle 2,6M
75%
Unknown Brain, Glaceo Jungle Of Love 3,9M
75%
JJD, Division One Just A Minute More 244K
75%
Mountkid Jellyfish Party 1,8M
50%
Anixto Joker 1,7M
50%
The Trinity jealous 259K
25%
Jim Yosef, Shiah Maisel Just Getting Started 490K
25%
Beatcore, Ashley Apollodor Just Stay 2,3M
25%
No matching quizzes found
Score Distribution
Percent of People with Each Score
Percentile by Number Answered
Your Score History
You have not taken this quiz